| 000 | 01558nam a2200181Ia 4500 | ||
|---|---|---|---|
| 999 |
_c45486 _d45486 |
||
| 001 | 12311 | ||
| 003 | GE_BSU | ||
| 005 | 20260220134253.0 | ||
| 008 | 181216s2013||||ge |||||||||||||| ||geo|| | ||
| 040 | _cGE_BSU | ||
| 041 | _ageo | ||
| 080 | _a821.353.1-3 შ-47 | ||
| 245 |
_aშემოდგომის ლეგენდა: _bახალი სახეები, ახალი სახელები, შენი ხელწერა 2010.-"სამშობლო სტუდენტური ლიტერატურული კონკურსი : ივ. ჯავახიშვილის სახ. თსუ-ს და კომპანია ჯეოსელის ერთობლივი პროექტი : 5 წლის საიუბილეო გამოცემა, 2009-2013. მთებო"-დაბრუნება. / _cთამარ ფოლადაშვილი, უჩა ზაქაშვილი, დავით ჩიხლაძე. |
||
| 264 |
_aთბილისი, _c2013. |
||
| 300 |
_a40 გვ. : _bნახ. ; _c21 სმ. |
||
| 520 | _aივანე ჯავახიშვილის სახ.თბილისის სახ.უნ-ტის და კომპანია ჯეოსელის ერთობლივი პროექტი.სტუდენტური ლიტ-ლი კონკურსი შემოდგომის ლეგენდა.5წ.საიუბილეო გამოც.2009-2013. | ||
| 942 |
_cBK _2udc |
||